000 00704cab a2200241 4500
001 WB3202-06
008 090401t1996 xxu||||| |||| 00| 0 eng d
035 _a(Sirsi) u58747
041 _aeng
245 _aAdmiralty Arch sale scuppered
260 _c1996
350 _a0
490 _aFinancial Times
_v6/7 January 1996, 1&20(1)
520 _aThe planned sale of Admiralty Arch has been abandoned following the intervention of the prime minister.
650 _aADMIRALTY ARCH
650 _aDEFENCE PROPERTY
650 _aGOVERNMENT PROPERTY
650 _aMINISTRY OF DEFENCE
650 _aSURPLUS PROPERTY
690 _aPROPERTY-COMMERCIAL PROPERTY
942 _n0
948 _c04/03/1997
999 _c35924
_d35924